Kỹ thuật chế biến bảo quản phụ phẩm nông nghiệp và thuỷ hải sản làm thức ăn chăn nuôi

সংরক্ষণ করুন:
গ্রন্থ-পঞ্জীর বিবরন
প্রধান লেখক: Lê, Văn Liễn
বিন্যাস: গ্রন্থ
ভাষা:Undetermined
প্রকাশিত: Hà Nội Lao động Xã hội 2004
বিষয়গুলি:
ট্যাগগুলো: ট্যাগ যুক্ত করুন
কোনো ট্যাগ নেই, প্রথমজন হিসাবে ট্যাগ করুন!
Thư viện lưu trữ: Trung tâm Học liệu Trường Đại học Cần Thơ
LEADER 00622nam a2200193Ia 4500
001 CTU_74366
008 210402s9999 xx 000 0 und d
020 |c 11000 
082 |a 636.084 
082 |b L305 
100 |a Lê, Văn Liễn 
245 0 |a Kỹ thuật chế biến bảo quản phụ phẩm nông nghiệp và thuỷ hải sản làm thức ăn chăn nuôi 
245 0 |c Lê Văn Liễn 
260 |a Hà Nội 
260 |b Lao động Xã hội 
260 |c 2004 
650 |a Animal feeding 
904 |i Năm 
980 |a Trung tâm Học liệu Trường Đại học Cần Thơ